Marketingová filozofie a řízený zákaznícký přístup - cesty k úspěšnosti v EU
Orientácia marketingovej filozofie po summite Krajiny v Rio de Janeiru. Hodnotový princíp marketingovej filozofie. Riadený zákaznícky prístup v podnikaní a vo výrobe - CRM ( customer relationship management). Vznik VCRM (value customer relationship management). Vzájomný vzťah marketingovej filozofie...
Guardado en:
| Autor principal: | |
|---|---|
| Formato: | Capítulo de libro |
| Lenguaje: | checo |
| Materias: | |
| Etiquetas: |
Sin Etiquetas, Sea el primero en etiquetar este registro!
|
MARC
| LEADER | 00000naa a2200000 4500 | ||
|---|---|---|---|
| 001 | r045261 | ||
| 005 | 20231004100154.4 | ||
| 041 | 0 | |a cze | |
| 044 | |a CZ | ||
| 245 | 1 | 0 | |a Marketingová filozofie a řízený zákaznícký přístup - cesty k úspěšnosti v EU |c Ludvík Čichovský |
| 520 | |a Orientácia marketingovej filozofie po summite Krajiny v Rio de Janeiru. Hodnotový princíp marketingovej filozofie. Riadený zákaznícky prístup v podnikaní a vo výrobe - CRM ( customer relationship management). Vznik VCRM (value customer relationship management). Vzájomný vzťah marketingovej filozofie a zákazníckych princípov. Komunikačná stratégia a jej význam v marketingovej filozofii a zákazníckych princípoch. ČR a proces integrácie do EÚ. | ||
| 610 | 2 | 0 | |a marketing |
| 610 | 2 | 0 | |a systém CRM |
| 610 | 2 | 0 | |a filozofia |
| 610 | 2 | 0 | |a stratégia marketingová |
| 610 | 2 | 0 | |a riadenie podľa cieľov |
| 610 | 2 | 0 | |a zákazníci |
| 610 | 2 | 0 | |a Česko |
| 610 | 2 | 0 | |a Európska únia |
| 100 | 1 | |a Čichovský, Ludvík | |